书目信息 |
| 题名: |
分布式光伏发电并网技能实训教材
|
|
| 作者: | 谷晓斌 , 李鵾 主编 | |
| 分册: | ||
| 出版信息: | 北京 中国电力出版社 2021.08 |
|
| 页数: | 129页 | |
| 开本: | 26cm | |
| 丛书名: | ||
| 单 册: | ||
| 中图分类: | TM615 | |
| 科图分类: | ||
| 主题词: | 太阳能光伏发电--tai yang neng guang fu fa dian--教材 | |
| 电子资源: | ||
| ISBN: | 978-7-5198-5396-9 | |
| 000 | 00889nam0 2200229 450 | |
| 001 | 011025154650 | |
| 005 | 20221025154650.0 | |
| 010 | @a978-7-5198-5396-9@dCNY48.00 | |
| 100 | @a20201004d2021 em y0chiy0120 ea | |
| 101 | 0 | @achi |
| 102 | @aCN@b110000 | |
| 105 | @aa z 000yy | |
| 106 | @ar | |
| 200 | 1 | @a分布式光伏发电并网技能实训教材@Afen bu shi guang fu fa dian bing wang ji neng shi xun jiao cai@f谷晓斌, 李鵾主编 |
| 210 | @a北京@c中国电力出版社@d2021.08 | |
| 215 | @a129页@c图@d26cm | |
| 330 | @a本书主要内容包括分布式光伏发电系统及主要设备,分布式光伏发电接入系统典型设计,分布式光伏发电项目建设,分布式光伏发电项目验收,分布式光伏发电系统运行管理,分布式光伏业扩报装。 | |
| 606 | 0 | @a太阳能光伏发电@Atai yang neng guang fu fa dian@j教材 |
| 690 | @aTM615@v5 | |
| 701 | 0 | @a谷晓斌@Agu xiao bin@4主编 |
| 701 | 0 | @a李鵾@Ali kun@4主编 |
| 905 | @a河南城建学院图书馆@dTM615@eG464 | |
| 分布式光伏发电并网技能实训教材/谷晓斌, 李鵾主编.-北京:中国电力出版社,2021.08 |
| 129页:图;26cm |
| ISBN 978-7-5198-5396-9:CNY48.00 |
| 本书主要内容包括分布式光伏发电系统及主要设备,分布式光伏发电接入系统典型设计,分布式光伏发电项目建设,分布式光伏发电项目验收,分布式光伏发电系统运行管理,分布式光伏业扩报装。 |
| ● |
| 相关链接 |
|
|
|
正题名:分布式光伏发电并网技能实训教材
索取号:TM615/G464
 
预约/预借
| 序号 | 登录号 | 条形码 | 馆藏地/架位号 | 状态 | 备注 |
| 1 | 1591251 | 215912519 | 自科库301/301自科库 14排3列4层/ [索取号:TM615/G464] | 在馆 |